Sueños de mujer : (Record no. 93241)
[ view plain ]
| 000 -LEADER | |
|---|---|
| campo de control de longitud fija | 00462nam a2200169 i 4500 |
| 001 - NÚMERO DE CONTROL | |
| campo de control | 93241 |
| 003 - IDENTIFICADOR DE NÚMERO DE CONTROL | |
| campo de control | ES-MaACL |
| 005 - FECHA Y HORA DE LA ÚLTIMA TRANSACCIÓN | |
| campo de control | 20230906181144.0 |
| 007 - CAMPO FIJO DE DESCRIPCIÓN FÍSICA--INFORMACIÓN GENERAL | |
| campo de control de longitud fija | t| |
| 008 - DATOS DE LONGITUD FIJA--INFORMACIÓN GENERAL | |
| campo de control de longitud fija | 050408s1953 sp ||||1| spa d |
| 080 ## - NÚMERO DE LA CLASIFICACIÓN DECIMAL UNIVERSAL | |
| Número de la Clasificación Decimal Universal | 821.134.2-31"19" |
| 100 1# - ENTRADA PRINCIPAL--NOMBRE DE PERSONA | |
| Nombre de persona | Lopera, Francisco. |
| 9 (RLIN) | 73284 |
| 245 10 - MENCIÓN DEL TÍTULO | |
| Título | Sueños de mujer : |
| Resto del título | novela / |
| Mención de responsabilidad, etc. | Francisco Lopera. |
| 260 ## - PUBLICACIÓN, DISTRIBUCIÓN, ETC. | |
| Lugar de publicación, distribución, etc. | Madrid : |
| Nombre del editor, distribuidor, etc. | [s.n.], |
| Fecha de publicación, distribución, etc. | 1953 ( |
| Fabricante | Gráf. La Torre) |
| 300 ## - DESCRIPCIÓN FÍSICA | |
| Extensión | 155 p. ; |
| Dimensiones | 17 cm. |
| 852 4# - LOCALIZACIÓN | |
| Ubicación | ES-MaACL |
| Número de control de estantería | C-10107 |
| Estatus retirado | Estado de pérdida | Estado de daño | No para préstamo | Biblioteca de origen | Biblioteca actual | Ubicación en estantería | Fecha de adquisición | Fuente de adquisición | Total de préstamos | Signatura topográfica completa | Código de barras | Visto por última vez | Precio de reemplazo | Tipo de ítem Koha |
|---|---|---|---|---|---|---|---|---|---|---|---|---|---|---|
| Biblioteca del Ateneo de Madrid | Biblioteca del Ateneo de Madrid | Sala Palomar | 17/01/2008 | C-10107 | 1097326 | 23/02/2023 | 23/02/2023 | Libro impreso |
